Report of joint study team, Uttar Pradesh (Record no. 497317)

000 -LEADER
fixed length control field 00339cam a22001097a 4500
008 - FIXED-LENGTH DATA ELEMENTS--GENERAL INFORMATION
fixed length control field 180718b1964 xxu||||| |||| 00| 0 eng d
082 ## - DEWEY DECIMAL CLASSIFICATION NUMBER
Classification number T19x5421 In2j
245 ## - TITLE STATEMENT
Title Report of joint study team, Uttar Pradesh
Statement of responsibility, etc. by Planning Commission
260 ## - PUBLICATION, DISTRIBUTION, ETC.
Place of publication, distribution, etc. Delhi
Name of publisher, distributor, etc. Manager of Publications
Date of publication, distribution, etc. 1964
300 ## - PHYSICAL DESCRIPTION
Extent 300+p
700 ## - ADDED ENTRY--PERSONAL NAME
Personal name India. Planning Commission
Holdings
Withdrawn status Lost status Damaged status Not for loan Permanent Location Current Location Date acquired Full call number Barcode Date last seen Price effective from Koha item type
        Indian Institute of Public Administration Indian Institute of Public Administration 2018-08-04 T19x5421 In2j GG3218 2018-08-04 2018-08-04 GG

Powered by Koha